All 100k+ Cities in Australia on a Map - Statistics

General Stats
  • This quiz has been taken 201 times
  • The average score is 13 of 18
Answers on the Map
Answers color-coded by a green-red scale on the quiz's map according to % correct below.
 
Answer Stats
Population City % Correct
2,045,479 Perth
98%
4,914,343 Sydney
93%
1,340,794 Adelaide
92%
133,331 Darwin
92%
4,893,870 Melbourne
91%
2,430,180 Brisbane
89%
462,136 Canberra
89%
216,682 Hobart
76%
693,671 Gold Coast
75%
153,951 Cairns
69%
491,474 Newcastle
65%
341,069 Sunshine Coast
57%
306,034 Wollongong
56%
181,668 Townsville
55%
275,794 Geelong
48%
138,223 Toowoomba
42%
100,991 Bendigo
39%
107,652 Ballarat
36%
No matching quizzes found
Score Distribution
Percent of People with Each Score
Percentile by Number Answered
Your Score History
You have not taken this quiz